| 000 | 00553cam a22001817a 4500 | ||
|---|---|---|---|
| 008 | 180718b2010 xxu||||| |||| 00| 0 eng d | ||
| 020 | _a9780415459396 | ||
| 082 | _aOA6x42 St11 | ||
| 100 | _aStabler, Mike J. | ||
| 245 |
_aThe economics of tourism _cby Mike J. Stabler, Andreas Papatheodorou and M. Thea Sincla |
||
| 260 |
_aOxon _bRoutledge _c2010 |
||
| 300 | _a506p. | ||
| 650 | _aLeisure --Economic aspects | ||
| 650 | _aTourism | ||
| 650 | _aTourism --Great Britain --Marketing | ||
| 700 | _aSincla, M. Thea | ||
| 700 | _aPapatheodorou, Andreas | ||
| 999 |
_c440941 _d440941 |
||